01885nam a2200301 i 4500003000900000005001700009007000300026008004100029020001800070040003000088082001800118100005900136245005300195264004900248300002500297336002700322337003300349338002800382500007400410520060700484590002701091910001401118942001401132952013601146952014201282952014201424999001701566DO-SdBNP20250404104339.0ta250404t2024 dr 00| ||spa d z9789945654271 aDO-SdBNPbspacBNPHUerda axxxbN9642221 aNúñez Carpio, Marielisd1996-eautora4aut.98734610aAprendiendo a volar /cMarielis Núñez Carpio aSanto Domingo :bEditorial Santuario,c2024. a53 páginasc23 cm. atextobtxt2rdacontent asin mediaciónbn2rdamedia avolumenbnc2rdacarrier aIncluye datos biográficos de la autora en la solapa de la cubierta. aEl agradecimiento principal es al Creador de todo el universo Dios Padre. Gracias por el talento otorgado. Luego quisiera agradecer a mi padre biológico que hoy no está con nosotros, pero es una de las razones principales. Luego a mi madre por enseñarme a no rendirme y a dar más de lo que puedo dar. A mi familia en especial a mi madre adoptiva Nuestra Castillo que siempre ha cuidado de mi desde pequeña, a mi hermana Casandra Núñez Ramírez por tanto apoyo a lo largo de mi vida y a cada una de las personas que siempre han sabido lo que me gusta esto, escribir. Gracias de corazón. aInventariado, 2025/ YL aYLockward 2ddccLBS1 00102ddc51708PDaBNPHUbBNPHUcCTd2024-10-02eDepósito Legal l0oBNPHU PD xxx N964p2025-2641r2025-04-04w2025-04-04yLBS1 00102ddc51708PDaBNPHUbBNPHUcCTd2024-10-02eDepósito Legal l0oBNPHU PD xxx N964p2025-2643r2025-04-04te. 2w2025-04-04yLBS1 00102ddc56708DSaBNPHUbBNPHUcCTd2024-10-02eDepósito Legal l0oBNPHU DS xxx N964p2025-2644r2025-04-04te. 3w2025-04-04yLBS1 c58617d58617